000 00560nam a22001817a 4500
003 DO-SdBNP
005 20180417085146.0
008 180417b fr||||| |||| 00| 0 fra d
040 _aBPMSU
_bfra
_cBPMSU
100 _aBatraville, Dominique
245 _aLa fete du cerf-volant /
_cDominique Batraville ; ilustración Chevelin Djasmy Pierre
260 _a[s. l.]
_bHachette-Deschamps
_c[1900?]
300 _a23 p.
_bil.
_c20 cm
700 _aDjasmy Pierre, Chevelin, ilustracion
942 _2ddc
_cBK
945 _ainventariado,2018 /dg
956 _adgarcia
_b10
999 _c13362
_d13362